<?xml version="1.0" encoding="UTF-8"?>
<record
    xmlns:xsi="http://www.w3.org/2001/XMLSchema-instance"
    xsi:schemaLocation="http://www.loc.gov/MARC21/slim http://www.loc.gov/standards/marcxml/schema/MARC21slim.xsd"
    xmlns="http://www.loc.gov/MARC21/slim">

  <leader>00773nam a22002417a 4500</leader>
  <datafield tag="952" ind1=" " ind2=" ">
    <subfield code="a">0001</subfield>
    <subfield code="b">0001</subfield>
    <subfield code="d">2024-02-06</subfield>
    <subfield code="l">0</subfield>
    <subfield code="o">305.4 A87V 2021</subfield>
    <subfield code="p">20862</subfield>
    <subfield code="r">2024-02-06 00:00:00</subfield>
    <subfield code="w">2024-02-06</subfield>
    <subfield code="y">BKS</subfield>
  </datafield>
  <datafield tag="952" ind1=" " ind2=" ">
    <subfield code="a">0001</subfield>
    <subfield code="b">0001</subfield>
    <subfield code="d">2024-02-27</subfield>
    <subfield code="l">0</subfield>
    <subfield code="o">305.4 A87V 2021</subfield>
    <subfield code="p">21159</subfield>
    <subfield code="r">2024-02-27 00:00:00</subfield>
    <subfield code="w">2024-02-27</subfield>
    <subfield code="y">BKS</subfield>
  </datafield>
  <datafield tag="952" ind1=" " ind2=" ">
    <subfield code="a">0002</subfield>
    <subfield code="b">0002</subfield>
    <subfield code="d">2024-02-27</subfield>
    <subfield code="l">0</subfield>
    <subfield code="o">305.4 A87V 2021</subfield>
    <subfield code="p">21160</subfield>
    <subfield code="r">2024-02-27 00:00:00</subfield>
    <subfield code="w">2024-02-27</subfield>
    <subfield code="y">BKS</subfield>
  </datafield>
  <datafield tag="952" ind1=" " ind2=" ">
    <subfield code="a">0002</subfield>
    <subfield code="b">0002</subfield>
    <subfield code="d">2024-02-27</subfield>
    <subfield code="l">0</subfield>
    <subfield code="o">305.4 A87V 2021</subfield>
    <subfield code="p">21161</subfield>
    <subfield code="r">2024-02-27 00:00:00</subfield>
    <subfield code="w">2024-02-27</subfield>
    <subfield code="y">BKS</subfield>
  </datafield>
  <datafield tag="999" ind1=" " ind2=" ">
    <subfield code="c">15270</subfield>
    <subfield code="d">15270</subfield>
  </datafield>
  <controlfield tag="003">MIRAKIL</controlfield>
  <controlfield tag="005">20240206095349.0</controlfield>
  <controlfield tag="008">240206b        tu ||||| |||| 00| 0 tur d</controlfield>
  <datafield tag="020" ind1=" " ind2=" ">
    <subfield code="a">9786257681247</subfield>
  </datafield>
  <datafield tag="040" ind1=" " ind2=" ">
    <subfield code="a">TR-AnCHP</subfield>
    <subfield code="c">TR-AnCHP</subfield>
  </datafield>
  <datafield tag="041" ind1=" " ind2=" ">
    <subfield code="a">T&#xFC;rk&#xE7;e</subfield>
  </datafield>
  <datafield tag="082" ind1=" " ind2=" ">
    <subfield code="a">305.4</subfield>
    <subfield code="b">A87V 2021</subfield>
  </datafield>
  <datafield tag="090" ind1=" " ind2=" ">
    <subfield code="a">305.4 A87V 2021</subfield>
  </datafield>
  <datafield tag="100" ind1=" " ind2=" ">
    <subfield code="a">Av&#x15F;ar, G&#xFC;lhan</subfield>
  </datafield>
  <datafield tag="245" ind1="1" ind2="0">
    <subfield code="a">Vaveyla /</subfield>
    <subfield code="b">Yolu kad&#x131;n s&#x131;&#x11F;&#x131;nmaevinden ge&#xE7;enlerin &#xF6;yk&#xFC;s&#xFC;</subfield>
    <subfield code="c">G&#xFC;lhan Av&#x15F;ar ; edit&#xF6;r : Vural Akbo&#x11F;a</subfield>
  </datafield>
  <datafield tag="250" ind1=" " ind2=" ">
    <subfield code="a">1. bs.</subfield>
  </datafield>
  <datafield tag="260" ind1=" " ind2=" ">
    <subfield code="a">Ankara</subfield>
    <subfield code="b">G&#xFC;lnar Yay&#x131;nlar&#x131;</subfield>
    <subfield code="c">2021</subfield>
  </datafield>
  <datafield tag="300" ind1=" " ind2=" ">
    <subfield code="a">178 s.</subfield>
    <subfield code="c">21 cm.</subfield>
  </datafield>
  <datafield tag="500" ind1=" " ind2=" ">
    <subfield code="a">Kaynak&#xE7;a var.
</subfield>
  </datafield>
  <datafield tag="650" ind1=" " ind2="0">
    <subfield code="9">567</subfield>
    <subfield code="a">Kad&#x131;nlar</subfield>
    <subfield code="x">&#x15E;iddetT&#xFC;rkiye</subfield>
  </datafield>
  <datafield tag="856" ind1=" " ind2=" ">
    <subfield code="z">Dijital N&#xFC;shas&#x131; i&#xE7;in Partimizin K&#xFC;t&#xFC;phane Sorumlusu ile ileti&#x15F;ime ge&#xE7;iniz.</subfield>
  </datafield>
  <datafield tag="942" ind1=" " ind2=" ">
    <subfield code="2">ddc</subfield>
    <subfield code="c">BKS</subfield>
  </datafield>
</record>
